002690000a220007300045001000020000002450083000203000046001037730046001491 aStarling, Allan10aFinding hidden peoples in the library (or seraching near and far for the afar) aVol. 2, Núm 2 (1985), Páginas 141-1500 tInternational Journal of Frontier Misions